Extra time : my autobiography

Bibliographic Details
Main Author: Weir, David
Other Authors: Alexander, Douglas
Format: Book
Published: London : Hodder & Stoughton Ltd. , 2011
Subjects:

MARC

LEADER 00000cam a2200000 7i4500
001 0000163278
005 20130319.0
020 |a 9781444724219 
090 0 0 |a 796.334092   |b WEI 
100 1 |a Weir, David 
245 1 0 |a Extra time :   |b my autobiography   |c David Weir ; with, Douglas Alexander 
260 |a London :   |b Hodder & Stoughton Ltd. ,   |c 2011 
300 |a 338p. ;   |c 24cm. 
600 0 0 |a Weir, David ,   |d 1970- 
650 0 0 |a Rangers (Soccer team) 
650 0 0 |a Soccer players   |z Scotland   |z Glasgow   |x Biography 
700 1 |a Alexander, Douglas 
999 |a 00263848   |b BUKU   |c PINJAMAN   |e PERPUSTAKAAN KOMUNITI PETALING JAYA